Naked /

Hlavní autor: Hájková, Natálie, 2006-
Jazyk: Angličtina
Čeština
Vydáno: V Praze : Pointa, 2024
Vydání: První vydání
Témata:
Fyzický popis: 84 stran ; 20 cm
Language note: Částečně český text
Knihy
Uloženo v:
LEADER 01336nam a2200421 i 4500
001 nkc20243587900
003 CZ PrNK
005 20240312092535.0
007 ta
008 240206s2024 xr g 000 p eng
015 |a cnb003587900 
020 |a 978-80-7691-235-9  |q (brožováno) :  |c Kč 229,00 
035 |a (OCoLC)1429251356 
040 |a ABG001  |b cze  |d BOA001  |e rda 
041 0 |a eng  |a cze 
072 7 |a 821  |x Literatura v různých jazycích  |2 Konspekt  |9 25 
080 |a 821.162.3-1  |2 MRF 
080 |a 821.111-1  |2 MRF 
080 |a (0:82-1)  |2 MRF 
100 1 |a Hájková, Natálie,  |d 2006-  |7 xx0313735  |4 aut 
245 1 0 |a Naked /  |c Natálie Hájková 
250 |a První vydání 
264 1 |a V Praze :  |b Pointa,  |c 2024 
300 |a 84 stran ;  |c 20 cm 
336 |a text  |b txt  |2 rdacontent 
337 |a bez média  |b n  |2 rdamedia 
338 |a svazek  |b nc  |2 rdacarrier 
546 |a Částečně český text 
655 7 |a česká poezie  |7 fd133958  |2 czenas 
655 7 |a anglicky psaná poezie  |7 fd131800  |2 czenas 
655 9 |a Czech poetry  |2 eczenas 
655 9 |a poetry in English  |2 eczenas 
910 2 |a BOA001  |b 1-1519.837 
928 9 |a Albatros Media - Pointa 
990 |a BK 
995 |a 01 
991 |b 202402  |c NOV 
996 6 |b 2610961326  |c 1-1519.837  |l MZK  |r Sklad / do 1 hodiny  |n 0  |p p.v.  |w 001953876  |u 000010  |a 1  |e BOA001  |j MZK50  |s P